<?xml version="1.0" encoding="UTF-8"?>
<record
    xmlns:xsi="http://www.w3.org/2001/XMLSchema-instance"
    xsi:schemaLocation="http://www.loc.gov/MARC21/slim http://www.loc.gov/standards/marcxml/schema/MARC21slim.xsd"
    xmlns="http://www.loc.gov/MARC21/slim">

  <leader>01211nam a22002777a 4500</leader>
  <controlfield tag="005">20250807094408.0</controlfield>
  <controlfield tag="008">240312b           ||||| |||| 00| 0 eng d</controlfield>
  <datafield tag="020" ind1=" " ind2=" ">
    <subfield code="a">9789352533008</subfield>
  </datafield>
  <datafield tag="040" ind1=" " ind2=" ">
    <subfield code="c">AL</subfield>
  </datafield>
  <datafield tag="041" ind1=" " ind2=" ">
    <subfield code="a">eng</subfield>
  </datafield>
  <datafield tag="082" ind1=" " ind2=" ">
    <subfield code="2">23</subfield>
    <subfield code="a">581</subfield>
    <subfield code="b">VASB</subfield>
  </datafield>
  <datafield tag="100" ind1=" " ind2=" ">
    <subfield code="a">B R Vashishta and others</subfield>
    <subfield code="9">234382</subfield>
  </datafield>
  <datafield tag="245" ind1=" " ind2=" ">
    <subfield code="a">Botany for Degree Students</subfield>
    <subfield code="b">: Fungi</subfield>
  </datafield>
  <datafield tag="260" ind1=" " ind2=" ">
    <subfield code="a">New Delhi</subfield>
    <subfield code="b">S Chand and Company Ltd</subfield>
    <subfield code="c">2020</subfield>
  </datafield>
  <datafield tag="300" ind1=" " ind2=" ">
    <subfield code="a">xvi,794p</subfield>
    <subfield code="b">PB</subfield>
    <subfield code="c">23x16cm</subfield>
  </datafield>
  <datafield tag="365" ind1=" " ind2=" ">
    <subfield code="2">Botany</subfield>
    <subfield code="a">7733</subfield>
    <subfield code="b">440.00</subfield>
    <subfield code="c">&#x20B9;</subfield>
    <subfield code="d">550.00</subfield>
    <subfield code="e">20%</subfield>
    <subfield code="f">15-02-204</subfield>
  </datafield>
  <datafield tag="520" ind1=" " ind2=" ">
    <subfield code="a">t is a part of five book series on Botany for Degree Students. The revised edition of Botany for Degree Students-Bryophyta deals with a small group of primitive, thalloid plants which are amphibious in habit. The text presents latest and significant results of botanical researches in an organised, lucid and cogent manner. This book is suitable for both undergraduate and postgraduate courses.</subfield>
  </datafield>
  <datafield tag="650" ind1=" " ind2=" ">
    <subfield code="a">Myxomycotina</subfield>
    <subfield code="9">153770</subfield>
  </datafield>
  <datafield tag="650" ind1=" " ind2=" ">
    <subfield code="a">Hemiascomycetidae</subfield>
    <subfield code="9">153771</subfield>
  </datafield>
  <datafield tag="650" ind1=" " ind2=" ">
    <subfield code="a">Plant Parasitic Nematodes</subfield>
    <subfield code="9">153772</subfield>
  </datafield>
  <datafield tag="650" ind1=" " ind2=" ">
    <subfield code="a">Eumycotina</subfield>
    <subfield code="9">153773</subfield>
  </datafield>
  <datafield tag="700" ind1=" " ind2=" ">
    <subfield code="a">Vashishta, B R </subfield>
    <subfield code="9">153774</subfield>
  </datafield>
  <datafield tag="700" ind1=" " ind2=" ">
    <subfield code="a">Sinha, A K</subfield>
    <subfield code="9">153775</subfield>
  </datafield>
  <datafield tag="700" ind1=" " ind2=" ">
    <subfield code="a">Kumar, Anil</subfield>
    <subfield code="9">153776</subfield>
  </datafield>
  <datafield tag="942" ind1=" " ind2=" ">
    <subfield code="2">ddc</subfield>
    <subfield code="c">REF</subfield>
  </datafield>
  <datafield tag="999" ind1=" " ind2=" ">
    <subfield code="c">230217</subfield>
    <subfield code="d">230217</subfield>
  </datafield>
  <datafield tag="952" ind1=" " ind2=" ">
    <subfield code="0">0</subfield>
    <subfield code="1">0</subfield>
    <subfield code="2">ddc</subfield>
    <subfield code="4">0</subfield>
    <subfield code="7">3</subfield>
    <subfield code="8">BOT</subfield>
    <subfield code="a">AL</subfield>
    <subfield code="b">AL</subfield>
    <subfield code="c">RS</subfield>
    <subfield code="d">2024-02-19</subfield>
    <subfield code="e">Biblios Book Point Surathkal Mangalore 575014</subfield>
    <subfield code="g">440.00</subfield>
    <subfield code="l">0</subfield>
    <subfield code="o">581 VASB</subfield>
    <subfield code="p">077110</subfield>
    <subfield code="r">2024-03-12 00:00:00</subfield>
    <subfield code="v">550.00</subfield>
    <subfield code="w">2024-03-12</subfield>
    <subfield code="y">REF</subfield>
  </datafield>
</record>
